Willy and Hugh

Bibliographic Details
Main Author: Browne, Anthony
Format: Book
Published: Massachusetts : Candlewick Press , 2003
Series:The Willy Stories
Subjects:

MARC

LEADER 00000cam a2200000 7i4500
001 0000052298
005 20220105103854.0
008 150923
020 |a 0763619779 
090 0 0 |a EL   |b ENG 
100 1 |a Browne, Anthony 
245 1 0 |a Willy and Hugh   |c Anthony Browne 
260 |a Massachusetts :   |b Candlewick Press ,   |c 2003 
300 |a [s.n.] :   |b col.ill 
490 1 |a The Willy Stories 
500 |a Children age 4-6 years old (yellow) 
650 0 |a Children's stories, English 
999 |a 0000946194   |b Book   |c Children Collection   |e Cawangan Taman Sri Lambak 
999 |a 0001075056   |b Book   |c Children Collection   |e Cawangan Bandar Penawar 
999 |a 0001075058   |b Book   |c Children Collection   |e Cawangan Segamat